000 00389nam a2200169Ia 4500
003 0STCL
008 150530s9999 xx 000 0 und d
040 _aSTCL
_cSTCL
100 _aLucas, E.V.
245 _aReading writing and remembering a literary record
250 _aThird
260 _c1933
546 _aEnglish
942 _2ddc
_cBK
999 _c61075
_d61075
005 20220125171145.0